Visualizzazione normale
Vista MARC
- Kopff A.
di Personal Name
Records bibliografici associati: 1
001 - CONTROL NUMBER
- control field: 24424
003 - CONTROL NUMBER IDENTIFIER
- control field: IT-RoPau
005 - DATE AND TIME OF LATEST TRANSACTION
- control field: 20140511095635.0
008 - FIXED-LENGTH DATA ELEMENTS
- fixed length control field: 140511|| aca||aabn | a|a d
040 ## - CATALOGING SOURCE
- Original cataloging agency: IT-RoPau
- Transcribing agency: IT-RoPau
100 ## - HEADING--PERSONAL NAME
- Personal name: Kopff A.
- Dates associated with a name: Codice autore musica SPICS: 25067
- Relator term: Autore musica
- Name of part/section of a work: O Jakbym
670 ## - SOURCE DATA FOUND
- Source citation: Work cat.: (IT-RoPau)99421: AA.VV. 794, Opole 88-Przeboje